000 00618nam a2200217 a 4500
008
020 _a122936507 (hbk.)
049 _aMAIN
090 _aQR79
245 1 0 _aThe Bacterial Spore/
_c[edited by]G.W. Gould and A. Hurst.
260 _aLondon, :
_bAcademic Press,
_c1969.
300 _axiv, 724 p. :
_bill. ;
_c23 cm.
504 _aIncludes bibliographical references.
500 _aIncludes index.
650 1 _aBacterial spore
907 _a.b1019387x
_b28-02-06
_c28-02-06
003
005 20230120203925.0
040 _cNUST
942 _cBOOKS
_kQR79
999 _c113950
_d113950